000 00299nam a22001337a 4500
008 170616b xxu||||| |||| 00| 0 eng d
020 _a9780195385274
041 _aeng
080 _a327
100 _a20
101 _aSHP
245 _aINTRODUCTION TO GLOBAL POLITICS
_cLAMY,S.L
942 _2udc
_cBK
999 _c17705
_d17705